000
00326 a2200109 4500
001
ART_40237
005
20260410161754.0
008
260409a
245
1
0
_a
Más novedades en materia de impuesto de igualación
100
1
_a
Volman, Mario
773
0
_t
Doctrina tributaria
_g
- Nº 384 (mar. 2012)
_w
REV4296
999
_c
19916
_d
19916